| 000 | 00384 a2200157 4500 | ||
|---|---|---|---|
| 001 | 18207 | ||
| 020 | _a9788563672056 | ||
| 040 | _cAnchieta - Bela Vista | ||
| 240 | 1 | 0 |
_aMeu grande livro de contos para aprender _lpor |
| 245 | 1 | 0 | _aMeu grande livro de contos para aprender |
| 300 | _a187 | ||
| 362 | 0 | _a2009 | |
| 440 | 1 | _aRai Editora | |
| 650 | 4 | _aLiteratura infantil | |
| 942 | _cBK | ||
| 999 |
_c18207 _d18207 |
||